"Светлоструй" за двубоя на века (Запис номер 503834)
[ съкратено ]
| 000 -Лидер | |
|---|---|
| Лидер | 01710aaa a2200289 a 4500 |
| 003 - Код на организацията, давaща контролен номер | |
| Код на организацията, даваща контролен номер | BLK |
| 005 - Дата и час на последна редакция | |
| Дата и час на последна редакция | 20240226095946.0 |
| 007 - Фиксирано поле за физическо описани | |
| Физическо описание | ta |
| 008 - Елементи от данни с фиксирана дължина | |
| Елементи с фиксирана дължина | 221104b bu |||||r|||| 00| | bu d |
| 040 ## - Източник на каталожния запис | |
| Код на библиотеката | BLK |
| 041 ## - Код за език | |
| Език | Български |
| Език за КДБФ | Български |
| 080 ## - УДК | |
| УДК текст | Комунистически партии. Вж и 327.323 |
| УДК код | 329.15 |
| УДК – определител | (497.2)(092) |
| УДК – код + определител | 329.15(497.2)(092) |
| 080 ## - УДК | |
| УДК текст | Михайлов, Георги Димитров. Български политик, ръководител на БКП и генерален секретар на Коминтерна, министър-председател |
| УДК код | 929 Димитров, Георги |
| УДК – код + определител | 929 Димитров, Георги |
| 100 ## - Редна дума - Автор | |
| Автор | Тачев, Веселин Кръстев |
| Години, свързани с автора | 1941-1991 |
| Биография на автора | Поет, журналист. Основател и уредник на литературния музей "Светлоструй" - Щръклево. |
| R(LIN) | 255232 |
| 245 ## - Сведения за заглавието | |
| Заглавие | "Светлоструй" за двубоя на века |
| Подзаглавни данни | Пред 50-годишнината на Лайпцигския процес |
| Авторска отговорност | Веселин Тачев. |
| 300 ## - Физическа характеристика | |
| Брой страници | 31 март 1983 |
| 520 ## - Забележка за наличие на резюме, анотация и т.н | |
| Анотация, рецензия | Георги Димитров и процесът срещу него в Лайпциг. |
| 600 #0 - Име на лице, използвано като предмет | |
| 9 (RLIN) | 409399 |
| За него / За нея | Димитров, Георги |
| 651 #7 - Допълнително описание по предмет - топоним | |
| 9 (RLIN) | 179119 |
| Географско понятие | Лайпциг |
| 653 ## - Ключова дума – ненормативна | |
| 9 (RLIN) | 188984 |
| Ключови думи | комунисти |
| 653 ## - Ключова дума – ненормативна | |
| 9 (RLIN) | 194078 |
| Ключови думи | политически лидери |
| 653 ## - Ключова дума – ненормативна | |
| 9 (RLIN) | 197818 |
| Ключови думи | съдебни процеси |
| 773 0# - Описание на основна библиографска единица при аналитични записи (многотомни) | |
| Заглавие на източника | СВЕТЛОСТРУЙ |
| Място на издаване, издател и година | в. Дунавска правда 1981 |
| Международен стандартен номер на серията ISSN | C612-5190 |
| Контролен номер на записа | 292559 |
| Информация за връзката | . // |
| 856 ## - Електронен адрес и достъп | |
| Инструкция (цена за достъп) | 0.00 |
| Права за достъп | disable |
| 942 ## - АРТИКУЛИ | |
| Източник на класификационната схема | Universal Decimal Classification |
| Вид на библиотечния документ | Статия |
| Скрит в OPAC | Не |
| 944 ## - СЪЗДАВАНЕ И РЕДАКЦИЯ на ЗАПИСА | |
| Създаване/Редакция | |
| Дата на регистрацията/редакция | Севдалина Тодорова |
| Служител, извършил регистрацията/редакцията | 30560 |
| Номер на служител | Геновева Генчева |
| 999 ## - СИСТЕМНИ КОНТРОЛНИ НОМЕРА | |
| Koha biblionumber | 503834 |
| Koha biblioitemnumber | 503834 |
Няма налични копия.